000 00464nam a2200181Ia 4500
001 19562
005 20260306172702.0
008 260306t2015||||xx |||||||||||||| ||spa||
041 _aESP
082 _a343.4
_bV19
100 _aValdivia Cano, Ramiro de
_eAUT
245 0 _aLa superstición del divorcio y otros ensayos acerca de los derechos fundamentales
260 _c2015
300 _a
_c
650 _aGEN
654 _aCDE
942 _cLIB
_dJUS
_fJUS
_2ddc
_n
999 _c19562
_d19562